000 01228nam a2200337 i 4500
003 EG-GICUC
005 20260425182358.0
008 260418s1913 fr ||||fr|||| 00| 0 fre d
040 _aEG-GiCUC
_bfre
_cEG-GiCUC
_dEG-GiCUC
_eRda
041 0 _afre
082 0 4 _221
_a343.9
_bDA . R
092 0 4 _221
099 _aLaw1 10 343.9 DA . R 1913
100 1 _aDalloz
_eAuteur
245 1 0 _aRépertoire Pratique de Législation de Doctrine et de Jurisprudence ,
_nTome Cinquième/
_bpar Dalloz, Gaston Griolet, Charles Vergé.
264 _aparis :
_bLibrairie Dalloz,
_c1913.
300 _a767 page :
_billustration ;
_c 24 cm.
336 _2rda contenu
_a texte
337 _2rda medias
_aOrdinateur
338 _2 transporteur rda
_a Ressource en ligne
500 _aComprend des illustrations en couleur, des cartes, des tableaux et des graphiques.
504 _aComprend des références bibliographiques et un index.
546 _aTexte en français
650 1 4 _aCriminal law
_2qrmak
651 1 _2qrmak
700 1 _aGriolet، Gaston
_eContributeur
700 1 _aVergé,Charles
_eContributeur
856 4 0 _uhttps://fll.law.cu.edu.eg/fulltext/bks/B10-09141.pdf
905 _a74
942 _2ddc
_n0
_cBK
_e21
999 _c71642
_d71642